| 000 | 00000nam 2200000zi 4500 |
| 001 | 9.939958 |
| 003 | CaOODSP |
| 005 | 20240627152514 |
| 006 | m o d f |
| 007 | cr mn||||||||| |
| 008 | 240627t20242024onc obu f000 0 eng d |
| 040 | |aCaOODSP|beng|erda|cCaOODSP |
| 043 | |an-cn--- |
| 086 | 1 |aP29-072-034-2024E-PDF |
| 245 | 00|aElectronic records as documentary evidence. |
| 250 | |a[June 2024 edition]. |
| 264 | 1|aOttawa, Ontario : |bCanadian General Standards Board = Office des normes générales du Canada, |c2024. |
| 264 | 4|c©2024 |
| 300 | |a1 online resource (i, 31 pages). |
| 336 | |atext|btxt|2rdacontent |
| 337 | |acomputer|bc|2rdamedia |
| 338 | |aonline resource|bcr|2rdacarrier |
| 490 | 1 |aNational standard of Canada ; |vCAN/CGSB-72.34-2024 |
| 500 | |a"Published June 2024." |
| 500 | |a"Supersedes CAN/CGSB-72.34-2017, Reaffirmed March 2022." |
| 500 | |aIssued also in French under title: Enregistrements électroniques utilisés à titre de preuves documentaires. |
| 504 | |aIncludes bibliographical references (pages 30-31). |
| 520 | |a"This National Standard of Canada provides guidance for developing policies, procedures, processes and documentation that support the continuing reliability, accuracy and authenticity of electronic records to: a) ensure that electronic records can reliably support business decisions and exchanges of commitments; b) support the admissibility and the weight of electronic records in legal proceedings; and c) protect the capability of electronic records to effectively document an organization's decisions, actions, and transactions and to hold accountable those who are responsible for them"--Scope, page 3. |
| 650 | 0|aElectronic records|xStandards|zCanada. |
| 650 | 0|aElectronic evidence|xStandards|zCanada. |
| 710 | 2 |aCanadian General Standards Board, |eissuing body. |
| 710 | 2 |aStandards Council of Canada, |eissuing body. |
| 775 | 08|tEnregistrements électroniques utilisés à titre de preuves documentaires.|w(CaOODSP)9.939963 |
| 795 | |tElectronic records as documentary evidence.|b[March 2022 edition]|w(CaOODSP)9.909920 |
| 830 | #0|aNational standard of Canada ;|vCAN/CGSB-72.34-2024.|w(CaOODSP)9.507848 |
| 856 | 40|qPDF|s1.18 MB|uhttps://publications.gc.ca/collections/collection_2024/ongc-cgsb/P29-072-034-2024-eng.pdf |
| 986 | |aICS 37.080 |